El museo escolar como parte del material didáctico en funciones de la enseñanza (Record no. 73143)
[ view plain ]
| 000 -CABECERA | |
|---|---|
| campo de control de longitud fija | 00579nam a2200193 a 4500 |
| 005 - FECHA Y HORA DE LA ÚLTIMA TRANSACCIÓN | |
| campo de control | 20210219153303.0 |
| 008 - ELEMENTOS DE LONGITUD FIJA--INFORMACIÓN GENERAL | |
| campo de control de longitud fija | 991125n 000 0 spa u |
| 035 ## - NÚMERO DE CONTROL DEL SISTEMA | |
| Número de control de sistema | UPN01000088661 |
| 100 1# - ASIENTO PRINCIPAL--NOMBRE PERSONAL | |
| Nombre de persona | Camarena G., Luis |
| 222 ## - TÍTULO CLAVE | |
| Título clave | RUMBOS : |
| 222 ## - TÍTULO CLAVE | |
| Información calificativa | ORGANO DE LA COOPERATIVA MEXICANA DE LA ESCUELA NUEVA |
| 245 ## - MENCIÓN DE TÍTULO | |
| Título | El museo escolar como parte del material didáctico en funciones de la enseñanza |
| 300 ## - DESCRIPCIÓN FÍSICA | |
| Extensión | 7-8 |
| 362 0# - FECHAS DE PUBLICACIÓN Y/O DESIGNACIÓN SECUENCIAL | |
| Fecha de publicación y/o designación secuencial | 1953 Vol. 2, no. 8, feb. |
| 653 0# - TERMINO DE INDIZACION - NO CONTROLADO | |
| Término no controlado | MUSEO ESCOLAR |
| 653 0# - TERMINO DE INDIZACION - NO CONTROLADO | |
| Término no controlado | INSTITUCIONES EDUCATIVAS |
| 904 ## - ELEMENTOS DE DATOS D LOCAL, LDD (RLIN) | |
| a | AC |
| b | 026472 |
| 905 ## - TIPO DE MATERIAL | |
| Tipo de material | Articulo |
No items available.
